| 000 | 01535cab a2200217 4500 | ||
|---|---|---|---|
| 001 | ABS43575 | ||
| 008 | 090401t1990 xxu||||| |||| 00| 0 eng d | ||
| 035 | _a(Sirsi) u42407 | ||
| 041 | _aeng | ||
| 245 | _aC&G Homes Ltd v SoS for Health | ||
| 260 | _c1990 | ||
| 350 | _a0 | ||
| 490 |
_aWeekly Law Reports _v(1990) 1 WLR 1272-1280(9) |
||
| 520 | _aChD 11 April 1990. The district health authority acquired two houses to provide supervised housing for a group of former mental in-patients . The houses were on a residential estate being developed by the plaintiffs, C, and were subject to covenants which held that no nuisance should be caused to other residents and no business should be carried on from the premises. The patients were not paying rent for the accommodation as they were still technically under health service care and the health service would provide money for the houses budget, however if they became entitled to benefit this would be added to the common purse. C claimed that this use would be a breach of covenant and claimed damages . It was held that as the SoS was not using the house as a private dwelling but for the purpose of discharging his functions of the SoS he was in breach of covenant and this function reduced the value of other properties on the estate causing C to give concessions in order to sell them. It | ||
| 650 | _aCOMMUNITY CARE | ||
| 650 | _aHOUSING ESTATES | ||
| 650 | _aSHELTERED HOUSING | ||
| 690 | _aPROPERTY LAW AND PRACTICE-CASE LAW | ||
| 942 | _n0 | ||
| 948 | _c04/03/1997 | ||
| 999 |
_c27186 _d27186 |
||